000 00535nam a2200193Ia 4500
005 20250508165654.0
008 008 250505s9999 xx 000 0 eng d
037 _aTextual
040 _aFEDL
_beng
_cFEDL
041 _aeng
_2eng
084 _a523.01, WAL
_qFEDL
100 _aWa li Kameshwar C.
_9781574
245 0 _aChandra : a biography of S. Chandrasekhar
260 _aNew Delhi, India
_bVIKING
_c1990
300 _ax,341p.
365 _aINR
_b250
942 _cTEXL
_h523.01, WAL
999 _c1396666
_d1396666